Country Flag Quiz - Blue, White and Red - Statistics

General Stats
  • This quiz has been taken 26 times
  • The average score is 19 of 29
Answer Stats
Country % Correct
France
100%
United States
100%
Netherlands
91%
Australia
87%
Luxembourg
87%
New Zealand
87%
Russia
87%
United Kingdom
87%
Chile
70%
Fiji
70%
Liberia
70%
Panama
70%
Dominican Republic
65%
Iceland
65%
Norway
65%
Czech Republic
61%
Costa Rica
57%
Croatia
57%
Serbia
57%
Slovakia
57%
Slovenia
57%
North Korea
52%
Samoa
52%
Thailand
52%
Cuba
48%
Laos
48%
Paraguay
48%
Cambodia
39%
Nepal
26%
No matching quizzes found
Score Distribution
Percent of People with Each Score
Percentile by Number Answered
Your Score History
You have not taken this quiz